| 000 | 00443nam a2200157 i 4500 | ||
|---|---|---|---|
| 001 | 23254 | ||
| 003 | ES-MaACL | ||
| 005 | 20230906152835.0 | ||
| 007 | t| | ||
| 008 | 021209s1970 sp ||||1| spa d | ||
| 100 | 1 |
_aAlonso, Benjamín. _920190 |
|
| 245 | 1 | 0 |
_aSan José, protector de la Iglesia / _cBenjamín Alonso. |
| 260 |
_a[León : _bs.n., _c1970] ( _fImp. Diocesana) |
||
| 300 |
_a67 p. ; _c16 cm. |
||
| 852 |
_aES-MaACL _jC-42117 _bR.76173 |
||
| 999 |
_c23254 _d23254 |
||